000 00281nam a22001337a 4500
008 170519b xxu||||| |||| 00| 0 eng d
020 _a0841912963
041 _aeng
080 _22ND
_a94
100 _a16
101 _aSHH
245 _aARGENTINA
_cWYNIA, G.W
942 _2udc
_cBK
999 _c13577
_d13577